[Event "POL-chT U19 1st League"]
[Site "Karpacz"]
[Date "2013.07.30"]
[Round "9"]
[White "Suliborski, Jakub"]
[Black "Muszynski, Maciej"]
[Result "1-0"]
[WhiteElo "2007"]
[BlackElo "1658"]
[PlyCount "57"]
[EventDate "2013.07.22"]
[EventType "team-tourn"]
[EventRounds "9"]
[EventCountry "POL"]
[SourceTitle "EXT 2014"]
[Source "ChessBase"]
[SourceDate "2013.11.20"]
[SourceVersion "1"]
[SourceVersionDate "2013.11.20"]
[SourceQuality "1"]
[WhiteTeam "Minsk Mazowiecki MTSz U19"]
[BlackTeam "Pszczyna PSSz U19"]
[WhiteTeamCountry "POL"]
[BlackTeamCountry "POL"]

1. e4 d6 2. d4 Nf6 3. Nc3 Nbd7 4. Nf3 e5 5. Bc4 Be7 6. h3 0-0 7. Be3 c6 8. a4 b6 9. 0-0 Bb7 10. Re1 Qc7 11. Bd3 a6 12. Nd2 b5 13. Ne2 c5 14. c3 exd4 15. cxd4 c4 16. Bc2 b4 17. Rc1 a5 18. Bd3 Qb8 19. Nxc4 Bxe4 20. Ng3 Bxd3 21. Qxd3 d5 22. Ne5 Bd6 23. Nc6 Qb7 24. Nf5 Bb8 25. Bg5 Qa6 26. Qe3 Kh8 27. Bxf6 Nxf6 28. Qg5 Nh5 29. Nxb8 1-0

[Event "POL-chT U19 1st League"]
[Site "Karpacz"]
[Date "2013.07.27"]
[Round "6"]
[White "Muszynski, Maciej"]
[Black "Lewtak, Damian"]
[Result "0-1"]
[WhiteElo "1658"]
[BlackElo "2254"]
[PlyCount "102"]
[EventDate "2013.07.22"]
[EventType "team-tourn"]
[EventRounds "9"]
[EventCountry "POL"]
[SourceTitle "EXT 2014"]
[Source "ChessBase"]
[SourceDate "2013.11.20"]
[SourceVersion "1"]
[SourceVersionDate "2013.11.20"]
[SourceQuality "1"]
[WhiteTeam "Pszczyna PSSz U19"]
[BlackTeam "Czarna LKSz GCKiP U19"]
[WhiteTeamCountry "POL"]
[BlackTeamCountry "POL"]

1. Nf3 Nf6 2. d3 d5 3. Nbd2 c5 4. e4 e6 5. Be2 Nc6 6. 0-0 Be7 7. c3 Qc7 8. Qc2 0-0 9. a3 Rd8 10. b4 a6 11. Nb3 b6 12. Be3 Ng4 13. bxc5 Nxe3 14. fxe3 bxc5 15. exd5 Rxd5 16. d4 Bb7 17. e4 Rdd8 18. Rad1 cxd4 19. cxd4 Rac8 20. Qb2 Qb6 21. Kh1 Na5 22. Nfd2 Nxb3 23. Qxb3 Qxb3 24. Nxb3 Bxe4 25. Bxa6 Ra8 26. Bd3 Bxd3 27. Rxd3 Rxa3 28. Rfd1 g6 29. g3 Rb8 30. Nc5 Bxc5 31. dxc5 Rxd3 32. Rxd3 Rc8 33. Rc3 Kf8 34. Kg2 Ke7 35. g4 e5 36. Rh3 h5 37. gxh5 gxh5 38. Rxh5 Ke6 39. Kf3 Rxc5 40. Ke3 f5 41. h4 Rc3+ 42. Kf2 e4 43. Rh8 Ke5 44. h5 Kf4 45. h6 e3+ 46. Ke2 Rc2+ 47. Kd3 Rd2+ 48. Kc3 Rd7 49. h7 Re7 50. Kd3 e2 51. Rf8 e1N+ 0-1

[Event "POL-chT U19 1st League"]
[Site "Karpacz"]
[Date "2013.07.23"]
[Round "2"]
[White "Kucza, Karol"]
[Black "Muszynski, Maciej"]
[Result "0-1"]
[WhiteElo "1974"]
[BlackElo "1658"]
[PlyCount "74"]
[EventDate "2013.07.22"]
[EventType "team-tourn"]
[EventRounds "9"]
[EventCountry "POL"]
[SourceTitle "EXT 2014"]
[Source "ChessBase"]
[SourceDate "2013.11.20"]
[SourceVersion "1"]
[SourceVersionDate "2013.11.20"]
[SourceQuality "1"]
[WhiteTeam "Zary ZKSz U19"]
[BlackTeam "Pszczyna PSSz U19"]
[WhiteTeamCountry "POL"]
[BlackTeamCountry "POL"]

1. e4 e5 2. Nf3 Nc6 3. Bb5 Bc5 4. 0-0 Nd4 5. Nxd4 Bxd4 6. c3 Bb6 7. d4 c6 8. Ba4 d6 9. dxe5 dxe5 10. Qxd8+ Kxd8 11. Bb3 Ke7 12. Nd2 f6 13. Nc4 Bc5 14. Ne3 Nh6 15. Bc2 a5 16. a4 Be6 17. Bd2 Rhd8 18. Rad1 g6 19. h3 Nf7 20. b3 Rd7 21. c4 h6 22. Bc1 Rad8 23. Rxd7+ Rxd7 24. Rd1 Rxd1+ 25. Bxd1 Nd6 26. Bc2 b5 27. axb5 cxb5 28. Nd5+ Bxd5 29. cxd5 a4 30. bxa4 bxa4 31. Bxa4 Nxe4 32. Kf1 Nxf2 33. Ba3 Ne4 34. Bxc5+ Nxc5 35. Bc6 Nd3 36. Ke2 Nb4 37. Ba4 Nxd5 0-1

[Event "POL-chT U19 2nd League"]
[Site "Chelm Lubelski"]
[Date "2010.07.12"]
[Round "8"]
[White "Muszynski, Maciej"]
[Black "Duszkiewicz, Marek"]
[Result "0-1"]
[WhiteElo "1565"]
[BlackElo "1960"]
[PlyCount "52"]
[EventDate "2010.07.06"]
[EventType "team-tourn"]
[EventRounds "11"]
[EventCountry "POL"]
[SourceTitle "EXT 2011"]
[Source "ChessBase"]
[SourceDate "2010.11.26"]
[SourceVersion "1"]
[SourceVersionDate "2010.11.26"]
[SourceQuality "1"]
[WhiteTeam "Pszczyna PSSz U19"]
[BlackTeam "Grzybowo GKSz Solny U19"]
[WhiteTeamCountry "POL"]
[BlackTeamCountry "POL"]

1. d4 d5 2. c4 c6 3. Nf3 a6 4. e3 Nf6 5. Nc3 b5 6. cxd5 cxd5 7. Bd3 Bb7 8. 0-0 Nbd7 9. a3 e6 10. Bd2 Rc8 11. Rc1 Bd6 12. Na2 Rxc1 13. Qxc1 0-0 14. Nb4 Ne4 15. Bxe4 dxe4 16. Ne1 Qh4 17. h3 f5 18. Qd1 Rf6 19. f4 g5 20. Qe2 gxf4 21. exf4 Rg6 22. Kh1 Nf6 23. Qf2 Rg3 24. Nbc2 e3 25. Bxe3 Rxh3+ 26. Kg1 Rh1# 0-1